| 000 | 01215nam a2200337 i 4500 | ||
|---|---|---|---|
| 001 | 000027020 | ||
| 003 | DO-SdBNP | ||
| 005 | 20260527074042.0 | ||
| 007 | ta | ||
| 008 | 110329s1973 dr 000 0 spa d | ||
| 040 |
_aDO-SdBNP _bspa _cBNPHU _erda |
||
| 041 | _aspa | ||
| 082 | 4 |
_a324.27293 _bC965s 1973 _222 |
|
| 100 |
_aCuello H., José Israel, _eautor _4aut. _96298 |
||
| 245 | 1 | 0 |
_aSiete años de reformismo reclaman una oposición de izquierda / _cJosé Israel Cuello H. |
| 250 | _aSegunda edición | ||
| 264 | 1 |
_aSanto Domingo, República Dominicana : _bEditora Taller, _c1973. |
|
| 300 |
_aiv, 175 páginas ; _c20 cm. |
||
| 336 |
_atexto _btxt _2rdacontent |
||
| 337 |
_asin mediación _bn _2rdamedia |
||
| 338 |
_avolumen _bnc _2rdacarrier |
||
| 490 | 0 |
_aBiblioteca Taller _v25 |
|
| 500 | _aIncluye índice alfabético | ||
| 500 | _aIncluye referencias bibliográficas y notas al pie de las páginas | ||
| 590 | _aInventariado, 2019/MFF | ||
| 610 | 2 |
_aPartido Reformista (República Dominicana) _926441 |
|
| 650 | 0 |
_aPartidos políticos _zRepública Dominicana _9285 |
|
| 651 | 4 |
_aRepública Dominicana _xPolítica y gobierno _945 |
|
| 910 | _aValidado. Control de calidad MFF | ||
| 942 |
_2ddc _cLBS1 |
||
| 999 |
_c26512 _d26512 |
||